01296nam a2200193 a 450000100060000000300090000600800410001502000150005604000280007108200160009910000840011524500750019925000060027426000370028030000140031750507260033165000220105765000230107915281CO-ViMGA141112s2004 ck r 000 u spa d a9684269463 aCO-ViMGAbspacCO-ViMGA04a616.07 F4741 aMcphee, Stephen J.; Lingappa, Vishwanath R.; Ganong, William F.; Lange, Jack D.10aFisiopatología medica : bUna introducción a la medicina clínica a3 aMexico, cManual Moderno, c2001 a692.p.il. aEnfermedad genética Trastornos del sistema inmunitario Enfermedades infecciosas Neoplasia Trastornos hemáticos Trastornos del sistema nervioso Enfermedades cutaneas Enfermedad pulmonar Cardiopatía Enfermedad vascular Trastornos de la medula suprarrenal Enfermedades gastrointestinales Enfermedad hepática Trastornos del páncreas exocrino Enfermedad renal Trastornos de las paratiroides y del metabolismo del calcio Trastornos del pancreas endocrino Trastornos del hipotalamo y de la hipófisis Enfermedad tiroidea Trastornos de la corteza suprarrenal Trastornos del aparato reproductor femenino Trastornos del aparato reproductor masculino Enfermedades reumáticas inflamatorias Estudios de casos ilustrativos14aFISIOLOGIA MEDICA14aPATOLOGÍA MEDICA